History on film reader
Guardat en:
| Format: | Llibre |
|---|---|
| Idioma: | anglès |
| Publicat: |
Routledge.
2009.
|
| Etiquetes: |
Afegir etiqueta
Sense etiquetes, Sigues el primer a etiquetar aquest registre!
|
MARC
| LEADER | 00000nam a22000007a 4500 | ||
|---|---|---|---|
| 008 | 211101b ||||| |||| 00| 0 eng d | ||
| 020 | |a 9780415462198 | ||
| 245 | |a History on film reader |c Marnie Hughes-Warrington(editor) |g x, 326 p. | ||
| 260 | |b Routledge. |c 2009. |d Book. |h London |i 666731. |l PN1995.2.H62 |m Motion pictures and history. |m Historical films--History and criticism |m History in motion pictures. | ||
| 500 | |a Includes bibliographical references and index. | ||
| 942 | |a lcc |c BK |e Olagoke,M.A. |f 01/11/2021. | ||
| 952 | |0 0 |1 0 |2 ddc |4 0 |7 0 |9 3860 |a HOL |b HOL |d 2021-11-08 |l 0 |r 2021-11-08 00:00:00 |t 666731 |w 2021-11-08 |y BK | ||
| 999 | |c 1895 |d 1895 | ||